书目信息 |
| 题名: |
西京杂记
|
|
| 作者: | 刘歆 撰 | |
| 分册: | ||
| 出版信息: | 西安 陕西通志馆 1933 |
|
| 页数: | 全一册 | |
| 开本: | 27*15cm | |
| 丛书名: | ||
| 单 册: | ||
| 中图分类: | I222.6 | |
| 科图分类: | ||
| 主题词: | 诗歌--中国 , 韵文--中国 | |
| 电子资源: | ||
| ISBN: | ||
| 000 | 00594nam0 2200205 450 | |
| 001 | 0634729124 | |
| 005 | 20061029094221.84 | |
| 010 | @b线装@dCNY1.00 | |
| 100 | @a20061029d1933 km y0chiy0120 ea | |
| 101 | 0 | @achi |
| 200 | 1 | @a西京杂记@Axi jing za ji@f(西汉)刘歆撰@F(xi han)liu xin zhuan |
| 210 | @a西安@c陕西通志馆@d1933 | |
| 215 | @a全一册@d27*15cm | |
| 300 | @a本函共两种两册,其中《汉代乐府诗笺注》一册,《西京杂记》一册,共一函 | |
| 606 | 0 | @a诗歌@x中国 |
| 606 | 0 | @a韵文@x中国 |
| 690 | @aI222.6@v3 | |
| 701 | 0 | @a刘歆@Aliu xin@4撰 |
| 801 | 0 | @aCN@bPFT@c20061029 |
| 905 | @a10447@dI222.6@e76 | |
| 西京杂记/(西汉)刘歆撰.-西安:陕西通志馆,1933 |
| 全一册;27*15cm |
| 本函共两种两册,其中《汉代乐府诗笺注》一册,《西京杂记》一册,共一函 |
| ISBN (线装):CNY1.00 |
| ● |
| 相关链接 |
|
|
|
|
正题名:西京杂记
索取号:I222.6/76
 
预约/预借
| 序号 | 登录号 | 条形码 | 馆藏地/架位号 | 状态 | 备注 |
| 1 | 0266164 | 202431029 | 古籍典藏专区/ [索取号:I222.6/76] | 在馆 |